No rasto de Anne Frank (Registo nº 1399)

Detalhes MARC
000 -Etiqueta do registo
Cabeçalho 00709nam0a2200241 4500
005 - Identificador da versão
Campo de controlo 20240813121835.0
010 ## - Número internacional normalizado dos livros (ISBN)
Número (ISBN) 9723807289
100 ## - Dados gerais de processamento
Dados gerais de processamento 20150327f19 k y0pory5003 ba
102 ## - Pais de publicação ou produção
País de publicação Portugal
101 1# - Língua de publicação
Língua do texto, banda sonora, etc. Português
Língua do documento no original Alemão
215 ## - Descrição física 
Indicação específica da natureza do documento e extensão da espécie 219, [5] p
Dimensões 21 cm
200 1# - Titulo e menção de responsabilidade
Título próprio No rasto de Anne Frank
Primeira menção de responsabilidade Ernst Schnabel
Outras menções de responsabilidade trad. de Ilse Losa
225 2# - Colecção 
Título próprio da colecção Dois Mundos
Indicação de volume 46
210 ## - Publicação, Distribuição, etc. 
Lugar da edição, distribuição, etc. Lisboa
Nome do editor, distribuidor, etc. Livros do Brasil
Data da publicação, distribuição, etc. [19--]
606 ## - Nome comum usado como assunto
Número de registo de entrada de autoridade 0002140
Palavra de ordem Literatura alemã
Subdivisão de assunto Diários íntimos
Código do sistema CA
675 ## - Classificação Decimal Universal (CDU)
Notação 821.112.2-94
Edição 3ª ed.
Língua da edição por
702 #1 - Nome de autor-pessoa física (responsabilidade secundária)
Número de registo de entrada de autoridade 0002169
Palavra de ordem Losa
Outra parte do nome não tomada para palavra de ordem Ilse
Código de função Tradutor
700 #1 - Nome de autor-pessoa física (responsabilidade principal)
Número de registo de entrada de autoridade 0002168
Palavra de ordem Schnabel
Outra parte do nome não tomada para palavra de ordem Ernst
Datas 1913-1986
966 ## - Identificação da Biblioteca
Sigla EB2,3ENM
942 ## - Elementos de entrada adicionados (Koha)
Tipo de item no Koha Livro
Exemplares
Situação do levantamento Origin of item (home branch) (coded) Biblioteca de empréstimo Código de barras Cota Circulation type (not for loan) Tipo de documento Nota do exemplar Damaged status
  Biblioteca Escolar Eng. Nuno Mergulhão Biblioteca Escolar Eng. Nuno Mergulhão BENM3482 82LE-9 SCH   Livro Sem mensagem